| 000 | 01412nam a22003977a 4500 | ||
|---|---|---|---|
| 003 | CHAP | ||
| 005 | 20250422072846.0 | ||
| 008 | 971013s1977 r 00010 d | ||
| 010 | _a52499 | ||
| 011 | _a53471 | ||
| 035 | _a57621 | ||
| 040 | _cCHAP | ||
| 090 | _aTesis | ||
| 100 | 1 | 0 |
_aSánchez Domínguez, Samuel _9107478 |
| 245 | _aEstudio de renetabilidad económica de la asociación maíz-frijol en la zona de influencia de Chapingo | ||
| 260 |
_aChapingo, Méx. : _bEl autor, _c1977 |
||
| 300 |
_a63 h. _b: gráfs. |
||
| 502 | _aTesis (Ing. Agr. Esp. en Fititecnia) -- ENA. Depaatamento de Fitotecnia | ||
| 590 |
_aALEPH _b10 _c20130110 _lUCH01 _h1329 |
||
| 590 |
_aBATCH-UPD _b10 _c20130110 _lUCH01 _h0822 |
||
| 590 |
_aBATCH-UPD _b10 _c20130410 _lUCH01 _h0500 |
||
| 590 |
_aBATCH-UPD _b10 _c20130914 _lUCH01 _h1125 |
||
| 590 |
_aCONVERSION _b10 _c20130109 _lUCH01 _h1328 |
||
| 650 | 1 | 4 |
_aCultivos asociados. _930370 |
| 650 | 1 | 4 |
_aFrijol. _943319 |
| 650 | 1 | 4 |
_aFrijol _xAspectos económicos _xMéxico (Edo.) _943334 |
| 650 | 1 | 4 |
_aFrijol _xRendimiento. _943429 |
| 650 | 1 | 4 |
_aMaíz _xAspectos económicos _xMéxico (Edo.) _970876 |
| 650 | 1 | 4 |
_aMaíz _xRendimiento. _971051 |
| 650 | 1 | 4 |
_aMaíz _zMéxico (Edo.). _971099 |
| 901 | _aBK | ||
| 942 | _cFOLL | ||
| 949 |
_bBC _cTES _d-125262 _eTS1 _i57621 _si |
||
| 949 |
_bBC _cTES _d-125263 _eTS2 _fc.2 _i57621 _si |
||
| 949 |
_bBC _cTES _d-125264 _eTS2 _fc.3 _h18324 _i57621 _si |
||
| 999 |
_c52499 _d52499 |
||